000 00294nam a2200145Ia 4500
100 _aPATNI UJJWAL
650 _aGeneral
942 _cBK
366 _f20
245 _aYASHASHWI VAKTA
260 _bDIAMOND BOOKS
_aNew Delhi
_c2012
082 _a170/PAT
300 _a237
546 _aENGLISH
999 _c35377
_d35377